Physics : 50 great science experiments and project

Bibliographic Details
Other Authors: Oxlade, Chris
Format: Book
Published: London : Southwater , 2003
Series:Hands-on Science
Subjects:

MARC

LEADER 00000cam a2200000 7i4500
001 0000006423
005 20151222.0
008 070816
020 |a 1842158562 
090 0 0 |a G   |b ENG 
245 1 0 |a Physics :   |b 50 great science experiments and project   |c Consulting editor Chris Oxlade 
260 |a London :   |b Southwater ,   |c 2003 
440 |a Hands-on Science 
500 |a Children ages 10-12 years old (pink) 
650 0 |a Junior fiction   |x English   |x Languages 
650 0 |a Science   |x Study and teaching 
700 1 |a Oxlade, Chris 
999 |a 0000895296   |b Book   |c Children Collection   |e Cawangan Pontian 
999 |a 0000895298   |b Book   |c Children Collection   |e Cawangan Bandar Penawar 
999 |a 0000895300   |b Book   |c Children Collection   |e Cawangan Mersing 
999 |a 0000895301   |b Book   |c Children Collection   |e Cawangan Segamat 
999 |a 0000895303   |b Book   |c Children Collection   |e Cawangan Muar 
999 |a 0000895304   |b Book   |c Children Collection   |e Cawangan Tmn. Ungku Tun Aminah 
999 |a 0000982252   |b Book   |c Children Collection   |e Cawangan Bandar Tenggara 
999 |a 0000982253   |b Book   |c Children Collection   |e Cawangan Taman Universiti 
999 |a 0000982254   |b Book   |c Children Collection   |e Cawangan Tmn. Ungku Tun Aminah 
999 |a 000895295   |b Book   |c Adult Collection   |e Cawangan Batu Pahat